000 00786nas a2200289 4500
001 BR2019001919
003 BR-BrBNA
005 20231205132010.0
007 ta
008 230509b bl.|||p| |||| 00| 00por d
040 _aBR-BrBNA
_bpor
_cBiblioteca Nacional de Agricultura
041 _a(Pt)
072 _aL73; L72
100 1 _aGouthier, D.
100 1 _a
245 1 _aDoenças respiratórias em ovinos
650 _aPASTEURELOSE
650 _aOVINO
650 _aDOENÇA RESPIRATÓRIA
650 _aMICOPLASMOSE
650 _aPREVENÇÃO
650 _aANÁLISE DE RISCO DE PRAGAS
650 _aMANEJO
773 0 _tRevista Produz (Brazil)
_x1806-8103
_g(2011), v. 6(60) p. 56-60
_wBR2019001919
909 _a202311
_bLúcia
_c55
_dLúcia Elande
942 _2AGRIS
_n0
_cANA
999 _c257886
_d257886